Janes Military Communications / (Record no. 184433)
[ view plain ]
| 000 -LEADER | |
|---|---|
| fixed length control field | 01182 a2200193 4500 |
| 003 - CONTROL NUMBER IDENTIFIER | |
| control field | Nust |
| 005 - DATE AND TIME OF LATEST TRANSACTION | |
| control field | 20230221183307.0 |
| 020 ## - INTERNATIONAL STANDARD BOOK NUMBER | |
| International Standard Book Number | 0710609582 |
| 040 ## - CATALOGING SOURCE | |
| Transcribing agency | Nust |
| 082 ## - DEWEY DECIMAL CLASSIFICATION NUMBER | |
| Classification number | 358.24,JAN |
| 100 ## - MAIN ENTRY--PERSONAL NAME | |
| Personal name | John Williamson |
| 9 (RLIN) | 109400 |
| 245 ## - TITLE STATEMENT | |
| Title | Janes Military Communications / |
| Statement of responsibility, etc. | John Williamson |
| 250 ## - EDITION STATEMENT | |
| Edition statement | 12th ed |
| 260 ## - PUBLICATION, DISTRIBUTION, ETC. | |
| Place of publication, distribution, etc. | UK |
| Name of publisher, distributor, etc. | Jane,s information group |
| Date of publication, distribution, etc. | 1991 |
| 300 ## - PHYSICAL DESCRIPTION | |
| Extent | 801p |
| 505 ## - FORMATTED CONTENTS NOTE | |
| Formatted contents note | Acronyms and code names (Page-15), Units and abbreviations (Page-19), Glossary (Page-23), Frequency bands and designations (Page-25), Designation of radio emissions (Page-27), An numbered communications equipment (Page-29), Radio communication tactical ground (Page-141), Terrestrial microwave and tropospheric scatter (Page-194), Naval system and equipment (Page-228), Air force (Page-273), Line communications and message switching (Page-371), Data transmission and reception,modms and terminals (Page-419), Electronic warfare (Pag- 494), Direction finding (Page-532), Antennas and masts (Page- 606), Laser,optical and video (Page-702), Systems (Page-712), Directory of associated contractors (Page- 779). |
| 650 ## - SUBJECT ADDED ENTRY--TOPICAL TERM | |
| Topical term or geographic name entry element | Janes Military Communications |
| 9 (RLIN) | 109401 |
| 942 ## - ADDED ENTRY ELEMENTS (KOHA) | |
| Koha item type | Reference |
| Source of classification or shelving scheme | |
| Withdrawn status | Lost status | Source of classification or shelving scheme | Damaged status | Not for loan | Permanent Location | Current Location | Shelving location | Date acquired | Full call number | Barcode | Date last seen | Price effective from | Koha item type | Public note |
|---|---|---|---|---|---|---|---|---|---|---|---|---|---|---|
| Military College of Signals (MCS) | Military College of Signals (MCS) | Reference | 12/12/2016 | 358.24,JAN | MCS913 | 12/08/2016 | 12/12/2016 | Reference | Almirah No.76, Shelf No.2 | |||||
| Military College of Signals (MCS) | Military College of Signals (MCS) | Reference | 12/12/2016 | 358.24,JAN | MCS914 | 12/08/2016 | 12/12/2016 | Reference | Almirah No.76, Shelf No.2 | |||||
| Military College of Signals (MCS) | Military College of Signals (MCS) | Reference | 12/12/2016 | 358.24,JAN | MCS915 | 12/08/2016 | 12/12/2016 | Reference | Almirah No.76, Shelf No.2 |
